[Event "GER-chT U14 Girls"]
[Site "Magdeburg"]
[Date "2012.12.28"]
[Round "4.3"]
[White "Hendus, Isabelle"]
[Black "Rudenko, Katharina"]
[Result "1-0"]
[WhiteElo "1290"]
[BlackElo "867"]
[PlyCount "61"]
[EventDate "2012.12.27"]
[EventType "team-swiss"]
[EventRounds "7"]
[EventCountry "GER"]
[SourceTitle "EXT 2014"]
[Source "ChessBase"]
[SourceDate "2013.11.20"]
[SourceVersion "1"]
[SourceVersionDate "2013.11.20"]
[SourceQuality "1"]
[WhiteTeam "Breitenworbis"]
[BlackTeam "Hamburger SK"]
[WhiteTeamCountry "GER"]
[BlackTeamCountry "GER"]

1. e4 c5 2. Nc3 Nc6 3. Nge2 g6 4. g3 Bg7 5. d3 Nf6 6. Bg2 0-0 7. 0-0 e6 8. h3 d5 9. exd5 exd5 10. d4 Ne4 11. dxc5 Ne7 12. Nxe4 dxe4 13. Bxe4 Bxh3 14. Re1 Qc7 15. Qd6 Rac8 16. Be3 Nf5 17. Qxc7 Rxc7 18. Bxf5 Bxf5 19. c3 Rfc8 20. b4 Bd3 21. Bf4 Bxe2 22. Rxe2 Rd7 23. Rd2 Rxd2 24. Bxd2 b6 25. cxb6 Bxc3 26. Bxc3 Rxc3 27. b7 Kg7 28. b8Q Ra3 29. Qe5+ Kh6 30. Kg2 Ra6 31. Rh1# 1-0